| 000 | 00838nam a2200277Ia 4500 | ||
|---|---|---|---|
| 003 | OSt | ||
| 005 | 20220926014420.0 | ||
| 006 | a|||||r|||| 00| 0 | ||
| 007 | ta | ||
| 008 | 220923b |||||||| |||| 00| 0 eng d | ||
| 020 | _a007071925X | ||
| 037 | _cGeneral Book | ||
| 040 |
_aRTL _cRTL _beng |
||
| 041 |
_2eng _aeng |
||
| 082 | _aX:77.1(X).N8, L8 | ||
| 100 |
_aWriggins W. Howard _9120719 |
||
| 245 | 0 | _aReducing global inequities | |
| 260 |
_aNew York _bMcGraw Hill USA _c1978 |
||
| 300 |
_axiv,193p. _ccm. |
||
| 490 | _aCouncil on Foreign Relations project study. 1980 | ||
| 500 | _aBib p 181-182 | ||
| 650 |
_aEconomic Development _917300 |
||
| 700 |
_a Adler-Karlsson Gunnar _9320599 |
||
| 942 |
_hX:77.1(X).N8, L8 _cGB _2CC |
||
| 999 |
_c628980 _d628980 |
||